| 000 | 00794nmc a2200253 a 4500 | ||
|---|---|---|---|
| 003 | AR-BaBNM | ||
| 005 | 20251128211304.0 | ||
| 008 | 063120s1999 ||||||||||||||000 | spa|| | ||
| 040 | _cAR-BaBNM | ||
| 245 | 1 | 0 |
_aGuía de actividades literarias para maestros y bibliotecarios _bpropuestas de lectura y escritura para implementar a partir de 5º año [2do ciclo EGB] |
| 260 |
_aBuenos Aires _bSudamericana _c1999 |
||
| 300 | 0 |
_a[60 p.] _bil., tablas |
|
| 490 | 0 | _aPan flauta | |
| 650 | 4 | _aLITERATURA INFANTIL | |
| 650 | 4 | _aLIBROS PARA NINOS | |
| 650 | 4 | _aJUEGOS EDUCATIVOS | |
| 653 | _aENSENANZA DE LA LITERATURA | ||
| 653 | _aENSENANZA DE LA LENGUA | ||
| 653 | _aSEGUNDO CICLO DE LA EGB | ||
| 653 | _aESTRATEGIAS DIDACTICAS | ||
| 800 | 0 | _aCanela | |
| 942 | _cBK | ||
| 998 | _craquel | ||
| 999 |
_c19014 _d19014 |
||